Efficiency standards for office space (Record no. 108566)
[ view plain ]
| 000 -LEADER | |
|---|---|
| fixed length control field | 01487cad a22002295a 4500 |
| 001 - CONTROL NUMBER | |
| control field | L144631 |
| 008 - FIXED-LENGTH DATA ELEMENTS--GENERAL INFORMATION | |
| fixed length control field | 080801s2007 xxkad f s 000 0 eng d |
| 035 ## - SYSTEM CONTROL NUMBER | |
| System control number | (Sirsi) u144631 |
| 041 0# - LANGUAGE CODE | |
| Language code of text/sound track or separate title | eng |
| 050 04 - LIBRARY OF CONGRESS CALL NUMBER | |
| Classification number | 333.33 $2 18 |
| 110 2# - MAIN ENTRY--CORPORATE NAME | |
| Corporate name or jurisdiction name as entry element | IPD Occupiers |
| 9 (RLIN) | 5090 |
| 245 00 - TITLE STATEMENT | |
| Title | Efficiency standards for office space |
| Remainder of title | a report to the Office of Government Commerce |
| Medium | [electronic resource] |
| 260 ## - PUBLICATION, DISTRIBUTION, ETC. | |
| Place of publication, distribution, etc. | [S.l.] |
| Name of publisher, distributor, etc. | IPD Occupiers |
| Date of publication, distribution, etc. | 2007 |
| 520 ## - SUMMARY, ETC. | |
| Summary, etc. | Intending to inform the setting of procurement standards for central Government, this report looks at occupational space efficiency in terms of management of property costs and improving the quality of the work environment. Recommends an Office Floorspace Standard as an efficiency standard for office accommodation. Explains why a standard is needed. Comments upon how such a standard could be introduced.The Office of Government Commerce has called on all government departments, their agencies and sponsored bodies, to adopt these workspace efficiency standards for offices on the government estate from 1 April 2008. |
| 590 ## - LOCAL NOTE (RLIN) | |
| Local note | KA |
| 650 24 - SUBJECT ADDED ENTRY--TOPICAL TERM | |
| Topical term or geographic name entry element | OFFICE FLOORSPACE STANDARD |
| 651 #4 - SUBJECT ADDED ENTRY--GEOGRAPHIC NAME | |
| Geographic name | United Kingdom |
| Chronological subdivision | |
| 690 ## - LOCAL SUBJECT ADDED ENTRY--TOPICAL TERM (OCLC, RLIN) | |
| Topical term or geographic name as entry element | PROPERTY-COMMERCIAL PROPERTY-OFFICE PROPERTY-OFFICES |
| 690 ## - LOCAL SUBJECT ADDED ENTRY--TOPICAL TERM (OCLC, RLIN) | |
| Topical term or geographic name as entry element | MANAGEMENT-FACILITIES MANAGEMENT |
| 856 40 - ELECTRONIC LOCATION AND ACCESS | |
| Uniform Resource Identifier | <a href="https://online.eastherts.gov.uk/moderngov/Data/Local%20Joint%20Panel/20090617/Agenda/Wallfields_Floor_Plan_-_Appendix_B.pdf">https://online.eastherts.gov.uk/moderngov/Data/Local%20Joint%20Panel/20090617/Agenda/Wallfields_Floor_Plan_-_Appendix_B.pdf</a> |
| Public note | View the report free of charge at http://www.easthertsgov.uk . |
| 942 ## - ADDED ENTRY ELEMENTS (KOHA) | |
| Suppress in OPAC | 0 |
| Withdrawn status | Lost status | Source of classification or shelving scheme | Damaged status | Not for loan | Home library | Current library | Shelving location | Date acquired | Total Checkouts | Full call number | Barcode | Date last seen | Copy number | Price effective from | Koha item type |
|---|---|---|---|---|---|---|---|---|---|---|---|---|---|---|---|
| Dewey Decimal Classification | Virtual | Virtual | Online | 01/08/2008 | ONLINE PUBLICATION | 144631-1001 | 06/08/2019 | 1 | 06/08/2019 | Book |